El rescate del pensamiento femenino indígena como tarea de la filosofía latinoamericana /

Se plantea un llamado a abordar el pensamiento latinoamericano desde las mujeres indígenas, y abrir una vertiente muy prometedora en los estudios no solo de género sino de etnicidad. Se plantea la naturaleza interdisciplinaria de los estudios latinoamericanos en general y la que necesariamente debe...

詳細記述

保存先:
書誌詳細
第一著者: Rincón S., Lucía
フォーマット: テキスト
主題:
タグ: タグ追加
タグなし, このレコードへの初めてのタグを付けませんか!

MARC

LEADER 00000 a a2200000 04500
001 41057
003
040
100 |a Rincón S., Lucía  
245 |a El rescate del pensamiento femenino indígena como tarea de la filosofía latinoamericana /  |c Lucía Rincón S.  
520 |a Se plantea un llamado a abordar el pensamiento latinoamericano desde las mujeres indígenas, y abrir una vertiente muy prometedora en los estudios no solo de género sino de etnicidad. Se plantea la naturaleza interdisciplinaria de los estudios latinoamericanos en general y la que necesariamente debe prevalecer en el estudio del pensamiento femenino indígenas. Luego se tocan brevemente aspectos esenciales relacionados con los estudios de género, una de las fuentes principales para este propósito. Luego se abordan aspectos generales sobre las mujeres indígenas con un fin más contextualizador que analítico. Finalmente, se concluye la necesidad de realizar un trabajo interdisciplinario que incluya la antropología y la filosofía desde una perspectiva latinoamericana.  
590 |a EFU/MARZO2012  
650 |a 1.AMERICA LATINA  
650 |a 2.AMERINDIOS  
650 |a 3.GENERO  
650 |a 4.TEORIA  
650 |a 5.FILOSOFIA  
773 |g número43 ( , 2005), páginas 13-34  
999 |c 29555  |d 29555